000 01044nam a22002537a 4500
005 20240530110902.0
008 220214s2010 ua g 000 0 ara d
017 _bمصر. دار الكتب
040 _aEG-CaGPL
_cEG-CaGPL
082 0 4 _221
_a320.973/
_bع د
100 0 _aعامر هاشم عواد
245 1 0 _aدور مؤسسة الرئاسة فى صنع الاستراتيجية الامريكية الشاملة بعد الحرب الباردة /
_cعامر هاشم عواد
250 _aط. 1
260 _aبيروت :
_bمركز دراسات الوحدة العربية،
_c2010
300 _a430 ص. ؛
_c24 سم
490 0 _aسلسلة اطروحات الدكتوراه ؛
_v80
650 0 7 _2qrmak
_aالروساء
650 0 7 _2qrmak
_aالسياسية الخارجية
650 0 7 _aالحرب الباردة
650 0 7 _2qrmak
_aالسياسية العسكرية
651 0 7 _2qrmak
_aالولايات المتحدة الامريكية
942 _2ddc
_cBK
999 _c66147
_d66147